|
|
|
|
| LEADER |
00000nam0a2200000 4500 |
| 001 |
185449 |
| 005 |
20231101223923.0 |
| 035 |
|
|
|a (RuTPU)RU\TPU\book\201151
|
| 090 |
|
|
|a 185449
|
| 100 |
|
|
|a 20101011d1935 k y0rusy50 ca
|
| 101 |
1 |
|
|a rus
|
| 102 |
|
|
|a RU
|
| 105 |
|
|
|a ac z 001zd
|
| 200 |
1 |
|
|a Трактат о свете, в котором объяснены причины того, что с ним происходит при отражении и при преломлении, в частности при странном преломлении исландского кристалла
|f Х. Гюйгенс (Хейгенс)
|g под ред. и с примечаниями проф. В. Фредерикса ; пер. Н. Фредерикс
|
| 210 |
|
|
|a Москва
|a Ленинград
|c Объединенное научно-техническое издательство НКТП СССР
|c Главная редакция общетехнической литературы
|d 1935
|
| 215 |
|
|
|a 171 с.
|c портр.
|
| 225 |
0 |
|
|a Классики естествознания
|e Под общей ред. И. И. Агола, С. И. Вавилова, М. Я. Выгодского, Б. М. Гессена, М. Л. Левина, А. А. Максимова, А. А. Михайлова, И. П. Роцена и А. Я. Хинчина
|
| 300 |
|
|
|a В суперобложке.
|
| 320 |
|
|
|a Примечания редактора: с.164-171.
|
| 320 |
|
|
|a Библиогр. в примеч.
|
| 464 |
|
|
|t Краткая биография Христиана Гюйгенса
|
| 600 |
|
1 |
|a Гюйгенс (Хёйгенс)
|b Х.
|c нидерландский учёный
|c физик, математик, механик
|f 1629-1695
|g Христиан
|2 stltpush
|3 (RuTPU)RU\TPU\pers\8061
|9 1570
|
| 610 |
1 |
|
|a физика
|
| 610 |
1 |
|
|a оптика
|
| 610 |
1 |
|
|a свет
|
| 675 |
|
|
|a 535
|v 3
|
| 700 |
|
1 |
|a Гюйгенс (Хейгенс)
|b Х.
|c нидерландский ученый
|c физик
|c математик
|c механик
|f 1629-1695
|g Христиан
|2 stltpush
|3 (RuTPU)RU\TPU\pers\8061
|
| 702 |
|
0 |
|a Фредерикс
|b В.
|4 340
|
| 702 |
|
0 |
|a Фредерикс
|b Н.
|4 730
|
| 801 |
|
1 |
|a RU
|b 63413507
|c 20101011
|
| 801 |
|
2 |
|a RU
|b 63413507
|c 20161206
|g RCR
|
| 942 |
|
|
|c BK
|